[Event "Bucharest Grand Prix op"]
[Site "Bucharest"]
[Date "2024.03.24"]
[Round "7"]
[White "Ghimpu, Samuel Timotei"]
[Black "Moroni, Luca Jr"]
[Result "0-1"]
[WhiteElo "2467"]
[BlackElo "2580"]
[PlyCount "138"]
[EventDate "2024.03.23"]
[EventType "swiss (rapid)"]
[EventRounds "10"]
[EventCountry "ROU"]
[SourceTitle "CB13_2024"]
[SourceDate "2024.03.27"]
[SourceVersion "1"]
[SourceVersionDate "2024.03.27"]
[SourceQuality "1"]

1. e4 g6 2. d4 Bg7 3. Nf3 d6 4. Nc3 Nf6 5. Be2 0-0 6. 0-0 a6 7. a4 Nc6 8. h3 e5 9. dxe5 dxe5 10. Bc4 Qe7 11. Nd5 Nxd5 12. Bxd5 Rd8 13. Qe2 Nd4 14. Nxd4 exd4 15. Re1 c6 16. Bc4 Be6 17. a5 Qb4 18. Bxe6 fxe6 19. Bd2 Qb5 20. Qd3 Rf8 21. Ra3 c5 22. b3 Rf7 23. Raa1 Be5 24. Qc4 Qxc4 25. bxc4 d3 26. c3 Rc8 27. Ra3 Rc6 28. Rb1 Bc7 29. f3 Kf8 30. Kf1 Bd8 31. Be3 h5 32. Ke1 Ke8 33. Kd2 Rd7 34. g4 hxg4 35. hxg4 Rh7 36. Bf4 Rh3 37. Rf1 g5 38. Be5 Bc7 39. Bxc7 Rxc7 40. Kxd3 Rh2 41. Ke3 Rd7 42. Rf2 Rh1 43. Rb3 Kd8 44. Rb6 Rc1 45. Rd2 Rxc3+ 46. Ke2 Rxd2+ 47. Kxd2 Rxf3 48. Rxb7 Rf4 49. Ke3 Rxg4 50. Rb6 Ke7 51. Rc6 Rg3+ 52. Kf2 Ra3 53. Rxc5 Kf6 54. Kg2 g4 55. Kf2 e5 56. Rc6+ Kg5 57. Rxa6 Kf4 58. Rf6+ Kxe4 59. a6 Kd4 60. Rg6 e4 61. Rxg4 Ra2+ 62. Ke1 Kd3 63. Rg7 Ra1+ 64. Kf2 e3+ 65. Kf3 Rf1+ 66. Kg2 e2 67. Re7 e1Q 68. Rxe1 Rxe1 69. c5 Ra1 0-1

[Event "Bucharest Grand Prix op"]
[Site "Bucharest"]
[Date "2024.03.23"]
[Round "4"]
[White "Fridman, Daniel"]
[Black "Ghimpu, Samuel Timotei"]
[Result "0-1"]
[WhiteElo "2590"]
[BlackElo "2467"]
[PlyCount "116"]
[EventDate "2024.03.23"]
[EventType "swiss (rapid)"]
[EventRounds "10"]
[EventCountry "ROU"]
[SourceTitle "CB13_2024"]
[SourceDate "2024.03.27"]
[SourceVersion "1"]
[SourceVersionDate "2024.03.27"]
[SourceQuality "1"]

1. Nf3 d5 2. g3 Nf6 3. Bg2 e6 4. d4 Bd6 5. 0-0 0-0 6. c4 Nc6 7. Nbd2 a5 8. b3 Ne4 9. Bb2 f5 10. e3 b6 11. Ne5 Nxe5 12. dxe5 Bb4 13. Nf3 dxc4 14. bxc4 a4 15. a3 Be7 16. Nd4 Qd7 17. Qc2 Bb7 18. Rad1 Qc8 19. Kh1 Ra5 20. g4 g6 21. gxf5 gxf5 22. Rg1 Kh8 23. f3 Nc5 24. f4 Ne4 25. Bf3 Bh4 26. Rdf1 Rg8 27. Rxg8+ Qxg8 28. Nxf5 exf5 29. e6+ Bf6 30. Bxf6+ Nxf6 31. Bxb7 Qxe6 32. Qc3 Rc5 33. Rg1 Rxc4 34. Qe5 Qxe5 35. fxe5 Ng4 36. e6 Rc5 37. h3 Nf6 38. Bc8 Re5 39. Rc1 c5 40. Rc4 b5 41. Rc1 Kg7 42. Bd7 b4 43. axb4 cxb4 44. Bxa4 Rxe6 45. Rb1 Rxe3 46. Rxb4 Rxh3+ 47. Kg2 Rd3 48. Bc6 Kg6 49. Bf3 Kg5 50. Rb7 h5 51. Be2 Re3 52. Kf2 Kf4 53. Kf1 Ne4 54. Bd1 h4 55. Rh7 h3 56. Rh8 Rg3 57. Be2 Ke3 58. Re8 h2 0-1

[Event "ROM-ch"]
[Site "Eforie Nord"]
[Date "2024.03.01"]
[Round "8"]
[White "Ghimpu, Samuel Timotei"]
[Black "Manolache, Marius"]
[Result "1/2-1/2"]
[WhiteElo "2467"]
[BlackElo "2387"]
[PlyCount "72"]
[EventDate "2024.02.24"]
[EventType "swiss"]
[EventRounds "9"]
[EventCountry "ROU"]
[SourceTitle "CB10_2024"]
[SourceDate "2024.03.06"]
[SourceVersion "1"]
[SourceVersionDate "2024.03.06"]
[SourceQuality "1"]

1. e4 c5 2. Nf3 e6 3. d4 cxd4 4. Nxd4 Nc6 5. Nc3 Qc7 6. Be3 a6 7. a3 d6 8. f4 Be7 9. Bd3 Nxd4 10. Bxd4 Bh4+ 11. g3 Bf6 12. Be2 Bd7 13. Qd3 Bc6 14. 0-0-0 Rd8 15. Rhf1 h5 16. Kb1 Rd7 17. Bf3 Bxd4 18. Qxd4 Nf6 19. h3 Qa5 20. g4 hxg4 21. hxg4 e5 22. Qg1 Qc5 23. Qg2 exf4 24. g5 Nh5 25. Rh1 g6 26. Nd5 Bxd5 27. Rxd5 Qe3 28. Rhd1 Ng3 29. e5 Nf5 30. Rxd6 Nxd6 31. exd6 Qe5 32. Rd5 Qe1+ 33. Rd1 Qe5 34. Rd5 Qe1+ 35. Rd1 Qe5 36. Rd5 Qe1+ 1/2-1/2

[Event "ROM GP KO final"]
[Site "Alba Iulia"]
[Date "2023.12.05"]
[Round "2.2"]
[White "David, Alexandru Vasile"]
[Black "Ghimpu, Samuel Timotei"]
[Result "1/2-1/2"]
[WhiteElo "2360"]
[BlackElo "2467"]
[PlyCount "23"]
[EventDate "2023.12.05"]
[EventType "k.o."]
[EventRounds "3"]
[EventCountry "ROU"]
[SourceTitle "CB50_2023"]
[SourceDate "2023.12.13"]
[SourceVersion "1"]
[SourceVersionDate "2023.12.13"]
[SourceQuality "1"]

1. d4 Nf6 2. c4 e6 3. Nc3 Bb4 4. e3 Ne4 5. Nge2 b6 6. Qc2 Bb7 7. a3 Bxc3+ 8. Nxc3 Nxc3 9. Qxc3 d6 10. h4 Nd7 11. b3 0-0 12. Bb2 1/2-1/2

[Event "ROM GP KO final"]
[Site "Alba Iulia"]
[Date "2023.12.05"]
[Round "3.2"]
[White "Ghimpu, Samuel Timotei"]
[Black "Obada, Ema"]
[Result "1/2-1/2"]
[WhiteElo "2467"]
[BlackElo "1969"]
[PlyCount "114"]
[EventDate "2023.12.05"]
[EventType "k.o."]
[EventRounds "3"]
[EventCountry "ROU"]
[SourceTitle "CB50_2023"]
[SourceDate "2023.12.13"]
[SourceVersion "1"]
[SourceVersionDate "2023.12.13"]
[SourceQuality "1"]

1. e4 c6 2. d4 d5 3. Nc3 dxe4 4. Nxe4 Nf6 5. Nxf6+ exf6 6. Be3 Bd6 7. Bd3 0-0 8. Ne2 Re8 9. 0-0 Nd7 10. Ng3 g6 11. c4 Nf8 12. Ne4 Bc7 13. d5 Bf5 14. Nc3 Bxd3 15. Qxd3 Nd7 16. dxc6 bxc6 17. Rfd1 Ne5 18. Qxd8 Bxd8 19. b3 Ba5 20. Na4 Ng4 21. Bd4 Re2 22. h3 Ne5 23. Nc3 Rc2 24. Ne4 Kg7 25. Nxf6 Kxf6 26. f4 Bc3 27. fxe5+ Ke6 28. Bxc3 Rxc3 29. Rd6+ Kxe5 30. Rxc6 f5 31. Rd1 Rc2 32. Rc7 h5 33. a4 Kf4 34. Rf1+ Kg5 35. Rf2 Rc1+ 36. Rf1 Rc3 37. Rf3 Rc1+ 38. Rf1 Rc3 39. Rf3 Rxf3 40. gxf3 Rb8 41. Rxa7 Rxb3 42. Kf2 Kf4 43. Rg7 Rb4 44. Rxg6 Rxa4 45. c5 Rc4 46. c6 Rc2+ 47. Ke1 Kxf3 48. Kd1 Rc5 49. Kd2 Ke4 50. Re6+ Kd5 51. Rf6 Ke4 52. Re6+ Kd5 53. Rf6 Ke5 54. Rh6 h4 55. Kd3 Rc1 56. Kd2 Rc4 57. Kd3 Rc1 1/2-1/2

[Event "ROM GP Final GpB"]
[Site "Alba Iulia"]
[Date "2023.12.04"]
[Round "1"]
[White "Ghimpu, Samuel Timotei"]
[Black "Gavrilescu, David"]
[Result "0-1"]
[WhiteElo "2467"]
[BlackElo "2523"]
[PlyCount "120"]
[EventDate "2023.12.04"]
[EventType "tourn (rapid)"]
[EventRounds "6"]
[EventCountry "ROU"]
[EventCategory "5"]
[SourceTitle "CB49_2023"]
[SourceDate "2023.12.06"]
[SourceVersion "1"]
[SourceVersionDate "2023.12.06"]
[SourceQuality "1"]

1. e4 c5 2. Nf3 e6 3. d4 cxd4 4. Nxd4 Nf6 5. Nc3 Nc6 6. Nxc6 bxc6 7. e5 Nd5 8. Ne4 Qc7 9. f4 Qb6 10. c4 Ne3 11. Qd3 Bb4+ 12. Bd2 Ba6 13. Rc1 Bxc4 14. Rxc4 Nxc4 15. Qxc4 Bxd2+ 16. Kxd2 Qxb2+ 17. Qc2 Rb8 18. Bd3 Ke7 19. Ke3 Qxc2 20. Bxc2 f6 21. Bb3 fxe5 22. fxe5 Rb5 23. Kd4 Rb4+ 24. Ke3 a5 25. Nc5 Rb5 26. Kd4 Rf8 27. Rd1 Rd8 28. Ne4 a4 29. Bc4 Rb2 30. g3 Rf8 31. h4 h6 32. Ke3 Rb4 33. Kd4 a3 34. Kc3 Rb2 35. Nc5 Rd8 36. Rd4 Rf2 37. Rg4 Rf3+ 38. Kd4 Kf7 39. Rf4+ Rxf4+ 40. gxf4 Ke7 41. Ne4 Rf8 42. Ke3 Rb8 43. Nd2 Rb4 44. Bb3 Kf7 45. Bc2 Ke7 46. Nb3 d6 47. exd6+ Kxd6 48. Nd2 e5 49. Ne4+ Ke6 50. fxe5 Kxe5 51. Nd2 c5 52. h5 Kd5 53. Bb3+ Kc6 54. Bf7 Rg4 55. Nc4 Rg2 56. Be8+ Kc7 57. Kd3 Rxa2 58. Bg6 Ra1 59. Kc2 a2 60. Kb2 Rc1 0-1

[Event "ROM GP Final GpB"]
[Site "Alba Iulia"]
[Date "2023.12.04"]
[Round "5"]
[White "Obada, Ema"]
[Black "Ghimpu, Samuel Timotei"]
[Result "0-1"]
[WhiteElo "1969"]
[BlackElo "2467"]
[PlyCount "118"]
[EventDate "2023.12.04"]
[EventType "tourn (rapid)"]
[EventRounds "6"]
[EventCountry "ROU"]
[EventCategory "5"]
[SourceTitle "CB49_2023"]
[SourceDate "2023.12.06"]
[SourceVersion "1"]
[SourceVersionDate "2023.12.06"]
[SourceQuality "1"]

1. e4 c6 2. d4 d5 3. exd5 cxd5 4. Bd3 Nc6 5. c3 Nf6 6. Bf4 g6 7. Nf3 Bf5 8. Bxf5 gxf5 9. Nbd2 e6 10. 0-0 Rg8 11. Qb3 Qd7 12. Ne5 Nxe5 13. Bxe5 Ng4 14. Nf3 a6 15. h3 Nxe5 16. Nxe5 Qb5 17. Qc2 f6 18. Nd3 Bd6 19. a4 Qd7 20. Rfe1 Qg7 21. f4 Kf7 22. Re3 Rae8 23. Rae1 b5 24. R1e2 Qh6 25. Rf2 Qh4 26. Qb3 Rb8 27. Qd1 Rg3 28. Rff3 Rxf3 29. Rxf3 Qh6 30. Qa1 Qf8 31. b4 Qc8 32. Rg3 Qf8 33. Qd1 Qh6 34. Rf3 Rc8 35. Qb3 Qf8 36. Qa3 Qe8 37. Re3 bxa4 38. g3 a5 39. Nc5 axb4 40. Qxb4 Bxc5 41. dxc5 Qc6 42. Kf2 Ra8 43. Qa3 Ra5 44. Qa1 Qxc5 45. Qd1 a3 46. Qh5+ Kg7 47. Kf3 Qe7 48. Qxf5 exf5 49. Rxe7+ Kf8 50. Re1 a2 51. Ra1 Ra3 52. Kf2 h5 53. h4 Ke7 54. Ke2 Kd6 55. Kd3 Kc5 56. Kc2 Kc4 57. Kb2 Ra6 58. Kc2 Ra5 59. Kb2 Kd3 0-1

[Event "Sebes GP op"]
[Site "Sebes"]
[Date "2023.11.05"]
[Round "9"]
[White "Ghimpu, Samuel Timotei"]
[Black "Antal, Hunor Zoltan"]
[Result "0-1"]
[WhiteElo "2472"]
[BlackElo "2201"]
[PlyCount "64"]
[EventDate "2023.11.04"]
[EventType "swiss"]
[EventRounds "10"]
[EventCountry "ROU"]
[SourceTitle "CB46_2023"]
[SourceDate "2023.11.15"]
[SourceVersion "1"]
[SourceVersionDate "2023.11.15"]
[SourceQuality "1"]

1. e4 c5 2. Nf3 d6 3. Bc4 Nc6 4. 0-0 Nf6 5. Re1 Bg4 6. h3 Bh5 7. d3 e6 8. Nbd2 Be7 9. g4 Bg6 10. Nh2 Qc7 11. Bb5 h5 12. f4 hxg4 13. hxg4 0-0-0 14. Ndf3 d5 15. e5 Nxg4 16. Nxg4 Bh5 17. Nfh2 Nd4 18. Ba4 f5 19. exf6 gxf6 20. c3 Rdg8 21. cxd4 Bxg4 22. Nxg4 f5 23. Re2 Rxg4+ 24. Rg2 Rxg2+ 25. Kxg2 Bf6 26. Qf3 Qg7+ 27. Kf1 Bxd4 28. Qg2 Qh7 29. Be3 Bxe3 30. Ke2 Bxf4 31. Rf1 Qh5+ 32. Ke1 Be5 0-1

[Event "Wch U20 Blitz"]
[Site "Pula"]
[Date "2023.10.14"]
[Round "2"]
[White "Ghimpu, Samuel Timotei"]
[Black "Alexakis, Dimitris"]
[Result "0-1"]
[WhiteElo "2472"]
[BlackElo "2458"]
[PlyCount "65"]
[EventDate "2023.10.14"]
[EventType "swiss (blitz)"]
[EventRounds "11"]
[EventCountry "ITA"]
[SourceTitle "Mega2024 Update 01"]
[Source "Chessbase"]
[SourceDate "2023.11.12"]
[SourceVersion "1"]
[SourceVersionDate "2023.11.12"]
[SourceQuality "1"]

1. e4 c5 2. Nf3 e6 3. d4 cxd4 4. Nxd4 Nc6 5. Nc3 Qc7 6. Be3 a6 7. a3 b5 8. Nxc6 Qxc6 9. Qd2 Bb7 10. Bd3 Nf6 11. e5 Ng4 12. Bd4 Nh6 13. 0-0-0 Nf5 14. Be4 Qc8 15. Bxf5 exf5 16. Qf4 Qc6 17. Qxf5 Be7 18. f3 Rc8 19. Qd3 0-0 20. Kb1 Rfd8 21. Ne4 Qg6 22. Rhe1 h6 23. g4 b4 24. axb4 Bxb4 25. c3 Be7 26. h3 a5 27. f4 Qc6 28. f5 Ba6 29. Qd2 Rb8 30. f6 Ba3 31. c4 Bxc4 32. Rc1 Qa4 33. Nc3 0-1

[Event "Wch U20 Rapid"]
[Site "Pula"]
[Date "2023.10.12"]
[Round "8"]
[White "Muradli, Mahammad"]
[Black "Ghimpu, Samuel Timotei"]
[Result "1-0"]
[WhiteElo "2550"]
[BlackElo "2472"]
[PlyCount "109"]
[EventDate "2023.10.10"]
[EventType "swiss (rapid)"]
[EventRounds "11"]
[EventCountry "ITA"]
[SourceTitle "Mega2024 Update 01"]
[Source "Chessbase"]
[SourceDate "2023.11.12"]
[SourceVersion "1"]
[SourceVersionDate "2023.11.12"]
[SourceQuality "1"]

1. Nf3 d5 2. d4 Nf6 3. c4 e6 4. g3 Bd6 5. Bg5 h6 6. Bxf6 Qxf6 7. Bg2 0-0 8. 0-0 Nc6 9. e3 dxc4 10. Nfd2 e5 11. d5 Na5 12. Qa4 b6 13. Nxc4 Nxc4 14. Qxc4 Qe7 15. Nc3 f5 16. Rac1 a6 17. Qb3 Bd7 18. Nb1 Kh8 19. Nd2 b5 20. Qc2 h5 21. Nb3 Rab8 22. Nc5 Bc8 23. e4 f4 24. gxf4 Rxf4 25. Nd3 Rg4 26. f3 Rg6 27. Kh1 Qg5 28. Rg1 Bd7 29. Bh3 Qe3 30. Rxg6 Bxh3 31. Rg3 Bd7 32. Re1 Qh6 33. Reg1 Rg8 34. Rg6 Qe3 35. Qg2 Be8 36. Rxg7 Qxg1+ 37. Qxg1 Rxg7 38. Qc1 Kh7 39. Qc3 Rg5 40. h4 Rg3 41. Nxe5 b4 42. Qd4 Bb5 43. f4 Rh3+ 44. Kg2 Rxh4 45. Qf2 Be7 46. Qg3 Be8 47. a4 bxa3 48. bxa3 Bf6 49. Kf2 Rh1 50. Nf3 Bb5 51. f5 Bb2 52. Qxc7+ Kg8 53. Qd8+ Kg7 54. Qe7+ Kg8 55. f6 1-0

[Event "Wch U20 Rapid"]
[Site "Pula"]
[Date "2023.10.11"]
[Round "7"]
[White "Lumachi, Gabriele"]
[Black "Ghimpu, Samuel Timotei"]
[Result "1/2-1/2"]
[WhiteElo "2399"]
[BlackElo "2472"]
[PlyCount "55"]
[EventDate "2023.10.10"]
[EventType "swiss (rapid)"]
[EventRounds "11"]
[EventCountry "ITA"]
[SourceTitle "Mega2024 Update 01"]
[Source "Chessbase"]
[SourceDate "2023.11.12"]
[SourceVersion "1"]
[SourceVersionDate "2023.11.12"]
[SourceQuality "1"]

1. d4 Nf6 2. c4 e6 3. Nc3 d5 4. cxd5 Nxd5 5. Nf3 c5 6. g3 Nxc3 7. bxc3 cxd4 8. cxd4 Bb4+ 9. Bd2 Bxd2+ 10. Qxd2 b6 11. Bg2 Bb7 12. 0-0 0-0 13. a4 h6 14. Rfb1 Be4 15. Rc1 Nc6 16. Qe3 Bd5 17. Ne5 Bxg2 18. Nxc6 Bxc6 19. Rxc6 Qd5 20. Rc7 Rfc8 21. Rac1 Rxc7 22. Rxc7 Qa5 23. Rxf7 Kxf7 24. Qf3+ Kg6 25. Qe4+ Kf6 26. Qf3+ Ke7 27. Qb7+ Kf6 28. Qf3+ 1/2-1/2

[Event "ROM-chT"]
[Site "Eforie Nord"]
[Date "2023.09.28"]
[Round "8.3"]
[White "Ghimpu, Samuel Timotei"]
[Black "Cioara, Andrei Nestor"]
[Result "1/2-1/2"]
[WhiteElo "2472"]
[BlackElo "2400"]
[PlyCount "63"]
[EventDate "2023.09.21"]
[EventType "team-tourn"]
[EventRounds "9"]
[EventCountry "ROU"]
[SourceTitle "EXT 2024"]
[Source "ChessBase"]
[SourceDate "2023.10.10"]
[SourceVersion "1"]
[SourceVersionDate "2023.10.10"]
[SourceQuality "1"]
[WhiteTeam "Galati Smart"]
[BlackTeam "Craiova Oltenia"]
[WhiteTeamCountry "ROU"]
[BlackTeamCountry "ROU"]

1. e4 c5 2. Nf3 g6 3. c3 Bg7 4. d4 cxd4 5. cxd4 d5 6. e5 Nc6 7. Bb5 Bg4 8. Bxc6+ bxc6 9. Nbd2 e6 10. h3 Bxf3 11. Qxf3 c5 12. Qc3 Rc8 13. dxc5 Qc7 14. Nf3 Qxc5 15. Qxc5 Rxc5 16. Be3 Rc7 17. Ke2 Ne7 18. Rhc1 Rb7 19. Rc2 h6 20. Rac1 Kd7 21. b4 Rc8 22. Bc5 f6 23. exf6 Bxf6 24. a3 Nf5 25. g4 Nd6 26. Bxd6 Rxc2+ 27. Rxc2 Kxd6 28. Rc5 Bd8 29. Rc8 Bf6 30. Rc5 Bd8 31. Rc8 Bf6 32. Rc5 1/2-1/2

[Event "Arad op 16th"]
[Site "Arad"]
[Date "2023.08.11"]
[Round "7"]
[White "Ghimpu, Samuel Timotei"]
[Black "Antonica, Dragos Andrei"]
[Result "1/2-1/2"]
[WhiteElo "2481"]
[BlackElo "2329"]
[PlyCount "63"]
[EventDate "2023.08.07"]
[EventType "swiss"]
[EventRounds "9"]
[EventCountry "ROU"]
[SourceTitle "EXT 2024"]
[Source "ChessBase"]
[SourceDate "2023.10.10"]
[SourceVersion "1"]
[SourceVersionDate "2023.10.10"]
[SourceQuality "1"]

1. Nf3 Nf6 2. d4 e6 3. Bf4 d5 4. e3 c5 5. Nbd2 Nc6 6. c3 cxd4 7. exd4 Nh5 8. Be3 Bd6 9. Bd3 Nf4 10. Bxf4 Bxf4 11. 0-0 0-0 12. Re1 Bd7 13. a4 a5 14. Nb3 Qc7 15. Qe2 g6 16. g3 Bd6 17. Ne5 Bxe5 18. dxe5 f6 19. exf6 Rxf6 20. Bb5 Raf8 21. f4 Bc8 22. Nd4 Nd8 23. Rac1 Nf7 24. h4 h6 25. c4 g5 26. hxg5 hxg5 27. cxd5 Qb6 28. Qf2 exd5 29. Ne2 Qxf2+ 30. Kxf2 Nd6 31. Rcd1 Ne4+ 32. Kg2 1/2-1/2

[Event "Arad op 16th"]
[Site "Arad"]
[Date "2023.08.10"]
[Round "5"]
[White "Harshad, S."]
[Black "Ghimpu, Samuel Timotei"]
[Result "0-1"]
[WhiteElo "2259"]
[BlackElo "2481"]
[PlyCount "100"]
[EventDate "2023.08.07"]
[EventType "swiss"]
[EventRounds "9"]
[EventCountry "ROU"]
[SourceTitle "EXT 2024"]
[Source "ChessBase"]
[SourceDate "2023.10.10"]
[SourceVersion "1"]
[SourceVersionDate "2023.10.10"]
[SourceQuality "1"]

1. e4 c5 2. Nf3 e6 3. d4 cxd4 4. Nxd4 Nf6 5. Nc3 Nc6 6. Ndb5 Bc5 7. Nd6+ Ke7 8. Bf4 e5 9. Nf5+ Kf8 10. Bg5 d6 11. Bc4 h6 12. Bxf6 Qxf6 13. Ne3 g6 14. 0-0 Kg7 15. Qd2 a6 16. Rad1 b5 17. Bb3 Rf8 18. Kh1 Qh4 19. a3 Nd4 20. Bd5 Rb8 21. f4 a5 22. f5 Ba6 23. Ne2 Qg5 24. b4 Bb6 25. Ng1 Nxf5 26. Nxf5+ gxf5 27. Rxf5 Qxd2 28. Rxd2 Bc8 29. Rf3 f5 30. exf5 Bxf5 31. Ne2 e4 32. Rg3+ Kh7 33. Nd4 Bg6 34. h3 axb4 35. axb4 Rbe8 36. Re3 Re5 37. Bb3 Bd8 38. Ne6 Rf1+ 39. Kh2 Bb6 40. Ree2 Bg1+ 41. Kg3 Bh5 42. Rxd6 Bxe2 43. Rd7+ Kg8 44. Rd8+ Kf7 45. Rd7+ Kf6 46. Rd6 Bf2+ 47. Kh2 Bg1+ 48. Kg3 Ke7 49. Rc6 Bc4 50. Nf4 Rg5+ 0-1

[Event "Arad op 16th"]
[Site "Arad"]
[Date "2023.08.10"]
[Round "6"]
[White "Ognean, Mihnea Ionut"]
[Black "Ghimpu, Samuel Timotei"]
[Result "1/2-1/2"]
[WhiteElo "2355"]
[BlackElo "2481"]
[PlyCount "26"]
[EventDate "2023.08.07"]
[EventType "swiss"]
[EventRounds "9"]
[EventCountry "ROU"]
[SourceTitle "EXT 2024"]
[Source "ChessBase"]
[SourceDate "2023.10.10"]
[SourceVersion "1"]
[SourceVersionDate "2023.10.10"]
[SourceQuality "1"]

1. e4 c6 2. Nf3 d5 3. d3 e6 4. Nbd2 Be7 5. g3 Nf6 6. Bg2 0-0 7. 0-0 b5 8. Re1 a5 9. e5 Nfd7 10. Nf1 a4 11. a3 Re8 12. h4 f6 13. d4 c5 1/2-1/2

[Event "Arad op 16th"]
[Site "Arad"]
[Date "2023.08.09"]
[Round "4"]
[White "Ghimpu, Samuel Timotei"]
[Black "Miszler, Levente"]
[Result "1/2-1/2"]
[WhiteElo "2481"]
[BlackElo "2315"]
[PlyCount "56"]
[EventDate "2023.08.07"]
[EventType "swiss"]
[EventRounds "9"]
[EventCountry "ROU"]
[SourceTitle "EXT 2024"]
[Source "ChessBase"]
[SourceDate "2023.10.10"]
[SourceVersion "1"]
[SourceVersionDate "2023.10.10"]
[SourceQuality "1"]

1. e4 e6 2. d4 d5 3. Nc3 Nf6 4. e5 Nfd7 5. Nce2 c5 6. c3 Nc6 7. Nf3 Qa5 8. a3 cxd4 9. b4 Qc7 10. cxd4 b5 11. Nf4 a6 12. h4 Nb6 13. h5 h6 14. Rb1 Nc4 15. Nd3 a5 16. Rh4 axb4 17. axb4 Ra4 18. Bd2 Bd7 19. Rg4 Qa7 20. Nc5 Ra2 21. Bc3 Ra3 22. Qc1 Ne7 23. Ra1 Rxa1 24. Qxa1 Qxa1+ 25. Bxa1 Nc6 26. Bc3 Bxc5 27. dxc5 0-0 28. Be2 Ra8 1/2-1/2

[Event "Brasov GP RO"]
[Site "Brasov"]
[Date "2023.07.21"]
[Round "8"]
[White "Ghimpu, Samuel Timotei"]
[Black "Antal, Hunor Zoltan"]
[Result "1-0"]
[WhiteElo "2477"]
[BlackElo "2210"]
[PlyCount "69"]
[EventDate "2023.07.16"]
[EventType "swiss"]
[EventRounds "9"]
[EventCountry "ROU"]
[SourceTitle "CBM 215 Extra"]
[Source "ChessBase"]
[SourceDate "2023.09.30"]
[SourceVersion "1"]
[SourceVersionDate "2023.09.30"]
[SourceQuality "1"]

1. e4 c6 2. d4 d5 3. e5 Bf5 4. Nf3 e6 5. Be2 h6 6. 0-0 Nd7 7. c3 Ne7 8. Na3 Qc7 9. Nc2 g5 10. b4 Bg7 11. Nfe1 0-0-0 12. f4 f6 13. Bd3 Rdf8 14. Qe2 fxe5 15. fxe5 Rf7 16. Bxf5 Rxf5 17. Rxf5 Nxf5 18. Nd3 Kb8 19. a4 Ka8 20. Qh5 Qd8 21. Ba3 Qe8 22. Qe2 Nb6 23. Nb2 h5 24. b5 cxb5 25. axb5 Bf8 26. Bc5 Kb8 27. Nb4 Bxc5 28. dxc5 Nc4 29. c6 Qe7 30. Qf2 b6 31. Nxc4 dxc4 32. c7+ Kc8 33. Rxa7 Qd7 34. Ra8+ Kxc7 35. Ra7+ 1-0

[Event "Brasov GP RO"]
[Site "Brasov"]
[Date "2023.07.17"]
[Round "2"]
[White "Ghimpu, Samuel Timotei"]
[Black "Gales, Randi Ioan"]
[Result "1/2-1/2"]
[WhiteElo "2477"]
[BlackElo "2019"]
[PlyCount "68"]
[EventDate "2023.07.16"]
[EventType "swiss"]
[EventRounds "9"]
[EventCountry "ROU"]
[SourceTitle "CBM 215 Extra"]
[Source "ChessBase"]
[SourceDate "2023.09.30"]
[SourceVersion "1"]
[SourceVersionDate "2023.09.30"]
[SourceQuality "1"]

1. e4 c5 2. Nf3 Nc6 3. Nc3 g6 4. d4 cxd4 5. Nxd4 Bg7 6. Be3 Nf6 7. Nxc6 bxc6 8. e5 Ng8 9. Bd4 c5 10. Bxc5 Qc7 11. Bd4 Bxe5 12. Nb5 Qb8 13. f4 Bxd4 14. Qxd4 Nf6 15. 0-0-0 0-0 16. Be2 d6 17. Bf3 Bb7 18. Bxb7 Qxb7 19. Nxd6 Qxg2 20. Nf5 Qb7 21. Rhg1 Rfe8 22. h4 Qc7 23. Qe5 Rac8 24. c3 Kf8 25. Nd6 exd6 26. Qxf6 Re6 27. Qd4 Qc4 28. Qxa7 Re2 29. Rd4 Qe6 30. Rd3 Rxb2 31. Kxb2 Qe2+ 32. Kb3 Qxd3 33. Rc1 Qc4+ 34. Kb2 Qxf4 1/2-1/2

[Event "Brasov GP RO"]
[Site "Brasov"]
[Date "2023.07.16"]
[Round "1"]
[White "Linca, Ionel"]
[Black "Ghimpu, Samuel Timotei"]
[Result "0-1"]
[WhiteElo "1636"]
[BlackElo "2477"]
[PlyCount "38"]
[EventDate "2023.07.16"]
[EventType "swiss"]
[EventRounds "9"]
[EventCountry "ROU"]
[SourceTitle "CBM 215 Extra"]
[Source "ChessBase"]
[SourceDate "2023.09.30"]
[SourceVersion "1"]
[SourceVersionDate "2023.09.30"]
[SourceQuality "1"]

1. d4 g6 2. c4 Bg7 3. Nc3 d6 4. e4 Nc6 5. Be3 Nf6 6. f3 0-0 7. Qd2 a6 8. 0-0-0 Bd7 9. Kb1 Qb8 10. g4 b5 11. h4 bxc4 12. Bxc4 Qb4 13. Bd5 Rab8 14. Bxc6 Bxc6 15. g5 Nd7 16. Nge2 Nb6 17. a3 Qc4 18. Rc1 Qb3 19. d5 Nc4 0-1

[Event "Jupiter FISCA"]
[Site "Jupiter"]
[Date "2023.06.24"]
[Round "9"]
[White "Ghimpu, Samuel Timotei"]
[Black "David, Alexandru Vasile"]
[Result "1/2-1/2"]
[WhiteElo "2465"]
[BlackElo "2408"]
[PlyCount "104"]
[EventDate "2023.06.17"]
[EventType "tourn"]
[EventRounds "9"]
[EventCountry "ROU"]
[EventCategory "7"]
[SourceTitle "CBM 214 Extra"]
[Source "ChessBase"]
[SourceDate "2023.07.31"]
[SourceVersion "1"]
[SourceVersionDate "2023.07.31"]
[SourceQuality "1"]

1. e4 c5 2. Nf3 d6 3. Bc4 Nf6 4. d3 e6 5. 0-0 Be7 6. Re1 Nc6 7. c3 0-0 8. Bb3 e5 9. Nbd2 h6 10. Nf1 Be6 11. Ng3 Qd7 12. d4 Bxb3 13. axb3 cxd4 14. cxd4 exd4 15. Nxd4 Rfe8 16. Nxc6 bxc6 17. Bd2 d5 18. e5 Ne4 19. Nxe4 dxe4 20. Bc3 Qxd1 21. Raxd1 f5 22. exf6 Bxf6 23. Bxf6 gxf6 24. Rd6 Kf7 25. Rxc6 Re7 26. Rd1 Kg6 27. Rdd6 Rf8 28. b4 e3 29. fxe3 Rxe3 30. Rc3 Re2 31. Rg3+ Kf5 32. b3 Rf7 33. b5 h5 34. b6 axb6 35. Rxb6 Re5 36. Kf2 h4 37. Re3 Rxe3 38. Kxe3 Ra7 39. Rb5+ Kg4 40. Rb8 Ra2 41. b4 Kf5 42. Rb5+ Kg4 43. Rb8 Kf5 44. Rh8 Rxg2 45. Rxh4 Ke5 46. Re4+ Kd5 47. Rh4 Ke5 48. Re4+ Kd5 49. Rf4 Rxh2 50. Rxf6 Kc4 51. Rf2 Rxf2 52. Kxf2 Kxb4 1/2-1/2